|
|
|
|
| LEADER |
00000nam0a2200000 4500 |
| 001 |
314390 |
| 005 |
20231101014456.0 |
| 035 |
|
|
|a (RuTPU)RU\TPU\book\339811
|
| 090 |
|
|
|a 314390
|
| 100 |
|
|
|a 20160213d1974 km y0rusy50 ca
|
| 101 |
0 |
|
|a rus
|
| 102 |
|
|
|a RU
|
| 105 |
|
|
|a a z 000zy
|
| 200 |
1 |
|
|a Сборник действующих правил техники безопасности в электротехнической промышленности
|e [по сост. на 1.01.1972 г.]
|f сост. Н. Я. Сабуров
|
| 210 |
|
|
|a Москва
|c Энергия
|d 1974
|
| 215 |
|
|
|a 575 с.
|c черт.
|
| 333 |
|
|
|a Исключено из фонда НТБ ТПУ
|
| 702 |
|
1 |
|a Сабуров
|b Н. Я.
|g Николай Яковлевич
|4 220
|
| 801 |
|
1 |
|a RU
|b 63413507
|c 20160213
|
| 801 |
|
2 |
|a RU
|b 63413507
|c 20220506
|g RCR
|
| 942 |
|
|
|c BK
|